000 00822cam a2200253 a 4500
001 000004576
005 20200929151450.0
008 880729s1988 ag 000 f spa
020 _a9501508447
040 _aDO-SdBNP
_bspa
_cBNPHU
041 1 7 _aspa
_heng
082 _a823.914
_bG738c
100 1 _aGraham, Winston
_q(Winston Mawdsley Graham),
_d1908-2003
_912907
240 1 0 _athe green flash.
_lEspañol
245 1 4 _aComo el rayo verde /
_cWinston Graham ; traducción, Paula T. de Hornos.
260 _aBuenos Aires :
_bJavier Vergara,
_c1988.
300 _a399 p. ;
_c22 cm.
490 1 _aVentana abierta
534 _pTítulo original:
_tthe green flash
650 4 _aNovela inglesa
_91071
650 4 _aLiteratura inglesa
_9498
700 1 _aHornos, Paula T. de,
_etr.
_913360
830 0 _aVentana abierta
_913361
999 _c4384
_d4384